Central Library OPAC University of Rajshahi

Collected letters / (Record no. 20596)

MARC details
000 -LEADER
fixed length control field 01095cam a22003011 4500
001 - CONTROL NUMBER
control field 20596
003 - CONTROL NUMBER IDENTIFIER
rucl marc code BD-RjUL
005 - DATE AND TIME OF LATEST TRANSACTION
control field 20211209000603.0
008 - FIXED-LENGTH DATA ELEMENTS--GENERAL INFORMATION
fixed length control field 140301s1959 enkc b 000 0aeng
035 ## - SYSTEM CONTROL NUMBER
System control number (BD-RjUL)20658
System control number (OCoLC)263119
040 ## - CATALOGING SOURCE
Original cataloging agency DLC
Transcribing agency OTifH
Modifying agency OCoLC
-- OYU
-- OCoLC
-- DLC
-- BD-RjUL
Language of cataloging eng
041 ## - LANGUAGE CODE
Language code of text/sound track or separate title eng
082 ## - DEWEY DECIMAL CLASSIFICATION NUMBER
Classification number 928.2
Author mark and year COC
100 1# - MAIN ENTRY--PERSONAL NAME
Personal name Coleridge, Samuel Taylor,
Dates associated with a name 1772-1834.
9 (RLIN) 63542
245 10 - TITLE STATEMENT
Title Collected letters /
Statement of responsibility, etc. edited by Earl Leslie Griggs.
Number of part/section of a work Volume III
Name of part/section of a work 1801-1814
260 ## - PUBLICATION, DISTRIBUTION, ETC. (IMPRINT)
Place of publication, distribution, etc. Oxford :
Name of publisher, distributor, etc. Clarendon Press,
Date of publication, distribution, etc. 1959.
300 ## - PHYSICAL DESCRIPTION
Pagination lii, 955 p. :
Illustrations ports. ;
Size 23 cm.
504 ## - BIBLIOGRAPHY, ETC. NOTE
Bibliography, etc Includes bibliographical references.
505 0# - FORMATTED CONTENTS NOTE
Formatted contents note v. 1. 1785-1800.--v. 2. 1801-1806.--v. 3. 1807-1814.--v. 4. 1815-1819.--v. 5. 1820-1825.--v. 6. 1826-1834.
600 10 - SUBJECT ADDED ENTRY--PERSONAL NAME
Personal name Coleridge, Samuel Taylor,
Dates associated with a name 1772-1834
650 #0 - SUBJECT ADDED ENTRY--TOPICAL TERM
Topical term or geographic name as entry element Poets, English
Chronological subdivision 19th century
Form subdivision Correspondence.
9 (RLIN) 63353
Topical term or geographic name as entry element Critics
Geographic subdivision Great Britain
Form subdivision Correspondence.
9 (RLIN) 63545
700 1# - ADDED ENTRY--PERSONAL NAME
Personal name Griggs, Earl Leslie,
Relator term ed.
942 ## - ADDED ENTRY ELEMENTS (KOHA)
Source of classification or shelving scheme Dewey Decimal Classification
Koha item type Books
Holdings
Lost status Source of classification or shelving scheme Damaged status Not for loan Collection code Permanent Location Current Location Shelving location Date acquired Source of acquisition Cost, normal purchase price Total Checkouts Full call number Date last seen Copy number Koha item type
  Dewey Decimal Classification   Added to bundle Fiction Central Library, University of Rajshahi Central Library, University of Rajshahi Reading Room 18/07/1970 sweets & zeithinger 0.00   928.2 COC V-3 1959 01/03/2014 C-1 Books